<?xml version="1.0" encoding="UTF-8"?>
<record
    xmlns:xsi="http://www.w3.org/2001/XMLSchema-instance"
    xsi:schemaLocation="http://www.loc.gov/MARC21/slim http://www.loc.gov/standards/marcxml/schema/MARC21slim.xsd"
    xmlns="http://www.loc.gov/MARC21/slim">

  <leader>01768cam a2200313Ia 4500</leader>
  <datafield tag="020" ind1=" " ind2=" ">
    <subfield code="a">9782287776304</subfield>
  </datafield>
  <datafield tag="020" ind1=" " ind2=" ">
    <subfield code="a">2287776303</subfield>
  </datafield>
  <datafield tag="020" ind1=" " ind2=" ">
    <subfield code="a">9782287776298</subfield>
  </datafield>
  <datafield tag="020" ind1=" " ind2=" ">
    <subfield code="a">228777629x</subfield>
  </datafield>
  <datafield tag="020" ind1=" " ind2=" ">
    <subfield code="a">9786612127762</subfield>
  </datafield>
  <datafield tag="020" ind1=" " ind2=" ">
    <subfield code="a">6612127767</subfield>
  </datafield>
  <datafield tag="040" ind1=" " ind2=" ">
    <subfield code="c">GW5XE</subfield>
  </datafield>
  <datafield tag="082" ind1=" " ind2=" ">
    <subfield code="a">617 SPR 2008 A056 Or.</subfield>
  </datafield>
  <datafield tag="100" ind1="1" ind2=" ">
    <subfield code="a">Derhy, Jacques</subfield>
  </datafield>
  <datafield tag="245" ind1="1" ind2="0">
    <subfield code="a">Atlas de chirurgie esthetique du sexe de l'homme</subfield>
  </datafield>
  <datafield tag="260" ind1=" " ind2=" ">
    <subfield code="a">Paris ;</subfield>
    <subfield code="a">Berlin :</subfield>
    <subfield code="b">Springer,</subfield>
    <subfield code="c">c2008</subfield>
  </datafield>
  <datafield tag="300" ind1=" " ind2=" ">
    <subfield code="a">1 online resource (xiv, 128 p.) :</subfield>
    <subfield code="b">ill. (chiefly col.)</subfield>
  </datafield>
  <datafield tag="520" ind1=" " ind2=" ">
    <subfield code="a">La chirurgie esth&#xFFFD;&#xFFFD;tique du sexe de l'homme est r&#xFFFD;&#xFFFD;cente, et bien que quelque peu controvers&#xFFFD;&#xFFFD;e, elle est pratiqu&#xFFFD;&#xFFFD;e avec une certaine satisfaction sur des milliers d'hommes &#xFFFD;&#xFFFD; travers le monde. Il s'agit essentiellement de la chirurgie esth&#xFFFD;&#xFFFD;tique p&#xFFFD;&#xFFFD;nienne d'agrandissement ou p&#xFFFD;&#xFFFD;noplastie. Sa r&#xFFFD;&#xFFFD;alisation a b&#xFFFD;&#xFFFD;n&#xFFFD;&#xFFFD;fici&#xFFFD;&#xFFFD; des avanc&#xFFFD;&#xFFFD;es techniques de la chirurgie esth&#xFFFD;&#xFFFD;tique et plastique, et des techniques bien plus anciennes de la chirurgie g&#xFFFD;&#xFFFD;nitale. La double comp&#xFFFD;&#xFFFD;tence de plasticien et d'urologue de l'auteur permet de jeter un pont entre ces deux sp&#xFFFD;&#xFFFD;cialit&#xFFFD;&#xFFFD;s pour &#xFFFD;&#xFFFD;tudier et affiner les interventions esth&#xFFFD;&#xFFFD;</subfield>
  </datafield>
  <datafield tag="650" ind1=" " ind2="0">
    <subfield code="a">Penis</subfield>
  </datafield>
  <datafield tag="650" ind1=" " ind2="0">
    <subfield code="a">Penis</subfield>
  </datafield>
  <datafield tag="650" ind1="1" ind2="2">
    <subfield code="a">Penis</subfield>
  </datafield>
  <datafield tag="650" ind1="2" ind2="2">
    <subfield code="a">Penile Implantation</subfield>
  </datafield>
  <datafield tag="650" ind1="2" ind2="2">
    <subfield code="a">Reconstructive Surgical Procedures</subfield>
  </datafield>
  <datafield tag="856" ind1="4" ind2="0">
    <subfield code="u">http://dx.doi.org/10.1007/978-2-287-77630-4</subfield>
  </datafield>
  <datafield tag="856" ind1="4" ind2="0">
    <subfield code="u">http://springerlink.com/openurl.asp?genre=book&amp;isbn=978-2-287-77629-8</subfield>
  </datafield>
  <datafield tag="856" ind1="4" ind2="0">
    <subfield code="u">http://proxy.ohiolink.edu:9099/login?url=http://springerlink.com/openurl.asp?genre=book&amp;isbn=978-2-287-77629-8</subfield>
  </datafield>
  <datafield tag="856" ind1="4" ind2="0">
    <subfield code="u">http://proxy.ohiolink.edu:9099/login?url=http://dx.doi.org/10.1007/978-2-287-77630-4</subfield>
  </datafield>
  <datafield tag="942" ind1=" " ind2=" ">
    <subfield code="c">EK</subfield>
  </datafield>
  <datafield tag="999" ind1=" " ind2=" ">
    <subfield code="c">15867</subfield>
    <subfield code="d">15867</subfield>
  </datafield>
  <datafield tag="952" ind1=" " ind2=" ">
    <subfield code="0">0</subfield>
    <subfield code="1">0</subfield>
    <subfield code="4">0</subfield>
    <subfield code="6">617_000000000000000_SPR_2008_A056_OR</subfield>
    <subfield code="7">0</subfield>
    <subfield code="9">69614</subfield>
    <subfield code="a">LBA</subfield>
    <subfield code="b">LBA</subfield>
    <subfield code="c">A056</subfield>
    <subfield code="d">2017-12-13</subfield>
    <subfield code="o">617 SPR 2008 A056 Or.</subfield>
    <subfield code="p">A13325</subfield>
    <subfield code="r">2017-12-13</subfield>
    <subfield code="w">2017-12-13</subfield>
    <subfield code="y">EK</subfield>
  </datafield>
</record>
